[Event "Open Jastrzebie 2019"]
[Site "?"]
[Date "2019.08.17"]
[Round "7.17"]
[White "Aleshko, Igor L"]
[Black "Lysakowski, Kamil"]
[Result "1-0"]
[WhiteElo "1270"]
[BlackElo "1494"]
[PlyCount "55"]
[SourceVersionDate "2019.08.25"]

1. d4 Nf6 2. c4 c5 3. d5 d6 4. h3 Bf5 5. Nc3 Nbd7 6. Nf3 h6 7. Bf4 g5 8. Bc1
Bg7 9. Nd2 e5 10. e4 Bg6 11. Be2 Nh7 12. g4 O-O 13. Nf1 a6 14. a4 Ndf6 15. Ne3
Ne8 16. Bd2 Qc8 17. Qc1 Bf6 18. h4 gxh4 19. Nf5 Bxf5 20. exf5 Qd8 21. Bxh6 Bg7
22. Ne4 Nhf6 23. Nxf6+ Bxf6 24. g5 Bg7 25. Rxh4 Bxh6 26. Rxh6 f6 27. g6 Ng7 28.
Rh8+ 1-0

[Event "Open Jastrzebie 2019"]
[Site "?"]
[Date "2019.08.17"]
[Round "7.18"]
[White "Lubszczyk, Piotr"]
[Black "Brak, Marian"]
[Result "1-0"]
[WhiteElo "1067"]
[BlackElo "1489"]
[PlyCount "133"]
[SourceVersionDate "2019.08.25"]

1. e4 d5 2. exd5 Qxd5 3. Nc3 Qa5 4. d3 Nf6 5. Bd2 Bg4 6. Be2 Qe5 7. Be3 Bf5 8.
Nf3 Qa5 9. O-O e6 10. Nd4 Bg6 11. a3 c6 12. b4 Qc7 13. f4 Bd6 14. Nb3 Nbd7 15.
Na2 Nd5 16. Qd2 Nxe3 17. Qxe3 O-O 18. c4 b6 19. Rac1 c5 20. b5 Rae8 21. Qd2 f5
22. Nc3 Nf6 23. g3 e5 24. fxe5 Rxe5 25. Bf3 Rfe8 26. Bc6 R8e7 27. Bd5+ Kh8 28.
Rce1 h6 29. Rxe5 Rxe5 30. Bc6 Qe7 31. a4 Re3 32. a5 Bxg3 33. hxg3 Rxg3+ 34. Kf2
Qe5 35. Bf3 Bh5 36. Bxh5 Nxh5 37. Ne2 Qd6 38. Nxg3 Qxg3+ 39. Ke2 Qg4+ 40. Ke1
f4 41. Qe2 Qh4+ 42. Kd1 Ng3 43. Qe8+ Kh7 44. Re1 f3 45. Qe3 Qg4 46. Kc2 Qf5 47.
Qf2 Qf4 48. Re3 Qg5 49. Qxf3 Nf5 50. Qe4 Qxe3 51. Qxf5+ Kh8 52. Qc8+ Kh7 53.
axb6 axb6 54. Qc6 Qf2+ 55. Nd2 g5 56. Qxb6 g4 57. Qc7+ Kg6 58. Qd6+ Kh5 59. b6
g3 60. Qd5+ Kg4 61. Qe4+ Kh3 62. Qe6+ Kg2 63. Qxh6 Kg1 64. b7 g2 65. b8=Q Qe2
66. Qhh2+ Kf2 67. Qbg3# 1-0

[Event "Open Jastrzebie 2019"]
[Site "?"]
[Date "2019.08.17"]
[Round "7.19"]
[White "Darda, Roman"]
[Black "Bala, Bartosz"]
[Result "1/2-1/2"]
[WhiteElo "1850"]
[BlackElo "1093"]
[PlyCount "36"]
[SourceVersionDate "2019.08.25"]

1. d4 d5 2. c4 e6 3. Nc3 Nf6 4. cxd5 exd5 5. Bg5 Nbd7 6. Nxd5 Nxd5 7. Bd2 c6 8.
e3 Bd6 9. Nf3 O-O 10. Bd3 f5 11. O-O N7f6 12. Qc2 Ne7 13. Rac1 Kh8 14. Ne1 b6
15. b4 Nfd5 16. a3 Bd7 17. f3 Ng6 18. g3 Rc8 1/2-1/2

[Event "Open Jastrzebie 2019"]
[Site "?"]
[Date "2019.08.17"]
[Round "7.20"]
[White "Borkowski, Maciej"]
[Black "Ziebura, Paulina"]
[Result "1-0"]
[WhiteElo "1559"]
[BlackElo "1623"]
[PlyCount "73"]
[SourceDate "2019.08.28"]

1. c4 c5 2. Nc3 Nc6 3. g3 g6 4. Bg2 Bg7 5. e3 d6 6. Nge2 e5 7. O-O Nge7 8. b3
O-O 9. Bb2 a6 10. Nd5 Nxd5 11. Bxd5 Nb4 12. Bg2 f5 13. d3 Be6 14. Bxb7 Rb8 15.
Bg2 a5 16. d4 exd4 17. exd4 d5 18. a3 Na6 19. Nf4 Bf7 20. Bxd5 cxd4 21. Bxd4
Bxd4 22. Qxd4 Nc7 23. Bxf7+ Rxf7 24. Qc3 Na6 25. Rfd1 Qb6 26. Rab1 Qc5 27. Rd5
Qxa3 28. Rxa5 Qb4 29. Qxb4 Nxb4 30. Rba1 Nc6 31. Ra8 Rfb7 32. Rxb8+ Rxb8 33.
Rb1 Na5 34. c5 Kf7 35. b4 Ke7 36. Re1+ Kd7 37. bxa5 1-0

[Event "Open Jastrzebie 2019"]
[Site "?"]
[Date "2019.08.17"]
[Round "7.21"]
[White "Szymanska, Joanna"]
[Black "Szymanski, Wojciech"]
[Result "1-0"]
[WhiteElo "1253"]
[BlackElo "1500"]
[PlyCount "90"]

1. e4 c6 2. d4 d5 3. Nc3 dxe4 4. Nxe4 Nd7 5. Nf3 Ngf6 6. Nxf6+ Nxf6 7. Bd3 Bg4
8. c3 e6 9. h3 Bh5 10. Bg5 Be7 11. Qe2 Nd5 12. Qe5 f6 13. Bxf6 Nxf6 14. Qxe6
Bf7 15. Qe5 Qd6 16. O-O O-O 17. Rfe1 Rae8 18. Qf5 Qd7 19. Qf4 Bd8 20. Ng5 h6
21. Ne4 Nxe4 22. Rxe4 Bg5 23. Qg3 Rxe4 24. Bxe4 Re8 25. Bc2 Bd8 26. Qd3 g6 27.
Bb3 Kg7 28. d5 cxd5 29. Qd4+ Bf6 30. Qxa7 Re2 31. Rd1 Qe7 32. Bxd5 Bxd5 33.
Rxd5 Re1+ 34. Kh2 Qc7+ 35. g3 Qc6 36. Qa5 g5 37. c4 Re2 38. Qa7 Rxf2+ 39. Qxf2
Qxc4 40. Rd7+ Kg6 41. Rd6 Qf7 42. a4 Kg7 43. Qf5 Be5 44. Qxe5+ Kg8 45. Rd8+ Kh7
1-0

[Event "Open Jastrzebie 2019"]
[Site "?"]
[Date "2019.08.17"]
[Round "7.23"]
[White "Gadlina, Adrian"]
[Black "Gollner, Martin"]
[Result "1/2-1/2"]
[WhiteElo "1097"]
[BlackElo "1282"]
[PlyCount "29"]

1. d4 f5 2. c4 e6 3. Nc3 d5 4. cxd5 exd5 5. Nf3 Nf6 6. Bg5 Be7 7. Bxf6 Bxf6 8.
Qb3 c6 9. e3 O-O 10. Bd3 Qc7 11. O-O Kh8 12. Rac1 Qf7 13. Qc2 Be7 14. Ne5 Qh5
15. Nxd5 1/2-1/2

[Event "Open Jastrzebie 2019"]
[Site "?"]
[Date "2019.08.17"]
[Round "7.25"]
[White "Tomanec, Samuel"]
[Black "Piec, Patryk"]
[Result "1-0"]
[WhiteElo "1207"]
[BlackElo "1095"]
[PlyCount "119"]
[SourceVersionDate "2019.08.29"]

1. e4 e5 2. Nf3 Nc6 3. Bc4 Nf6 4. Ng5 d5 5. exd5 Na5 6. Bb5+ c6 7. dxc6 bxc6 8.
Be2 Be7 9. d3 h6 10. Ne4 Nxe4 11. dxe4 Qxd1+ 12. Bxd1 Ba6 13. Bd2 Nc4 14. Bc3
f6 15. Be2 Bb5 16. a4 Ba6 17. b3 Nd6 18. Bxa6 Nxe4 19. O-O Bc5 20. Bb7 Rb8 21.
Bxc6+ Kf7 22. Bxe4 Rbc8 23. Bf5 Rcd8 24. Nd2 Bd4 25. Bxd4 Rxd4 26. Rad1 Rhd8
27. Bd3 f5 28. f3 Ke6 29. Rfe1 h5 30. Kf2 g5 31. Ke2 g4 32. fxg4 hxg4 33. Bc4+
Kf6 34. Nf1 Re4+ 35. Kf2 Rf4+ 36. Kg3 Rxd1 37. Rxd1 Re4 38. Rd3 Kg5 39. h4+
gxh3 40. Kxh3 Rh4+ 41. Kg3 Rg4+ 42. Kf2 e4 43. Rg3 Rxg3 44. Nxg3 Kg4 45. Nxe4
fxe4 46. Ke3 Kf5 47. g4+ Kxg4 48. Kxe4 Kg5 49. Bd5 Kf6 50. c4 Ke7 51. Ke5 Kd7
52. b4 Kc7 53. b5 Kb6 54. a5+ Kxa5 55. c5 Kxb5 56. c6 Kb6 57. Kd6 a5 58. c7 a4
59. c8=Q a3 60. Qb8+ 1-0

[Event "Open Jastrzebie 2019"]
[Site "?"]
[Date "2019.08.17"]
[Round "7.27"]
[White "Miskowiec, Stanislaw"]
[Black "Rocek, Matyas"]
[Result "1-0"]
[WhiteElo "1266"]
[BlackElo "1048"]
[PlyCount "65"]
[SourceVersionDate "2019.08.29"]

1. e4 e5 2. b3 Nc6 3. Bb5 d6 4. Bxc6+ bxc6 5. Bb2 Nf6 6. Nc3 Be7 7. h3 Bb7 8.
Nge2 c5 9. Ng3 O-O 10. d3 h6 11. O-O c6 12. Nh5 Nxh5 13. Qxh5 d5 14. exd5 cxd5
15. Qxe5 Bf6 16. Qg3 d4 17. Ne2 Qd5 18. Nf4 Qc6 19. Rae1 Rfe8 20. Nh5 g6 21.
Nxf6+ Qxf6 22. Bc1 Kg7 23. h4 h5 24. Bg5 Qf5 25. Qd6 Bxg2 26. Kxg2 Qg4+ 27. Qg3
Qxg3+ 28. Kxg3 f6 29. Bf4 a6 30. Bd6 Rxe1 31. Rxe1 Rc8 32. Re7+ Kg8 33. Ra7 1-0

[Event "Open Jastrzebie 2019"]
[Site "?"]
[Date "2019.08.17"]
[Round "8.4"]
[White "Khamitskiy, Sergei"]
[Black "Klepek, Witold"]
[Result "1-0"]
[WhiteElo "2243"]
[BlackElo "2197"]
[PlyCount "117"]
[SourceVersionDate "2019.08.29"]

1. d4 Nf6 2. c4 e6 3. g3 d5 4. Bg2 Bb4+ 5. Nd2 O-O 6. Ngf3 dxc4 7. Qc2 Nc6 8.
Qxc4 Re8 9. O-O a5 10. Nb3 a4 11. Nc5 Qd5 12. Qc2 Nxd4 13. Nxd4 Qxc5 14. Qxc5
Bxc5 15. Nb5 Re7 16. Rd1 Bd7 17. Nc3 a3 18. bxa3 Ng4 19. Ne4 Bb6 20. h3 Ne5 21.
Bg5 f6 22. Nxf6+ gxf6 23. Bxf6 Rf7 24. Bxe5 Rxf2 25. Bd4 Rf7 26. Bxb6 cxb6 27.
Bxb7 Rxa3 28. Bf3 Kf8 29. Rd6 e5 30. Kg2 b5 31. Rad1 Bf5 32. Bd5 Bc2 33. Rd2
Rc7 34. Rf6+ Kg7 35. Re6 e4 36. Bxe4 Rxa2 37. Bxc2 Raxc2 38. Rxc2 Rxc2 39. Kf3
Rc1 40. Rb6 Rb1 41. e4 b4 42. Kf4 b3 43. Kg5 b2 44. Rb7+ Kf8 45. h4 Rg1 46.
Rxb2 Rxg3+ 47. Kf4 Rh3 48. Kg4 Re3 49. Rf2+ Ke7 50. Kf5 Rh3 51. Rf4 Rg3 52. Rg4
Rf3+ 53. Ke5 Rf7 54. h5 Ke8 55. Rg5 Kd8 56. h6 Re7+ 57. Kd5 Rf7 58. Rg7 Rd7+
59. Ke6 1-0

[Event "Open Jastrzebie 2019"]
[Site "?"]
[Date "2019.08.17"]
[Round "8.5"]
[White "Radecki, Adam"]
[Black "Koloczek, Maciej"]
[Result "0-1"]
[WhiteElo "1792"]
[BlackElo "1958"]
[PlyCount "100"]
[SourceVersionDate "2019.08.29"]

1. e4 e6 2. d3 d5 3. Nd2 Nf6 4. Ngf3 b6 5. e5 Nfd7 6. d4 c5 7. c3 Be7 8. Bd3
Ba6 9. Bxa6 Nxa6 10. O-O O-O 11. a3 b5 12. Qe2 c4 13. h3 Nc7 14. Nh2 a5 15. f4
b4 16. axb4 axb4 17. Rxa8 Qxa8 18. Ndf3 Qa2 19. Qe1 Nb6 20. Ng4 bxc3 21. bxc3
Kh8 22. Ng5 Na4 23. Qh4 Qc2 24. f5 Bxg5 25. Bxg5 exf5 26. Nf6 f4 27. Nd7 Rg8
28. Qxf4 Qg6 29. Qc1 h6 30. Bh4 Nb5 31. Be1 Rd8 32. e6 Qxe6 33. Ne5 f6 34. Ng6+
Kg8 35. Nf4 Qf7 36. Qa1 Ra8 37. Bd2 Nd6 38. Qc1 Ne4 39. g4 Rb8 40. Nh5 Kh7 41.
Re1 Rb2 42. Rxe4 dxe4 43. Qe1 Qb7 44. Bc1 Rb1 45. Qe3 Kg8 46. Kf2 Nb2 47. Bxb2
Qxb2+ 48. Kg3 Rc1 49. Nxf6+ gxf6 50. Qxh6 Rxc3+ 0-1

[Event "Open Jastrzebie 2019"]
[Site "?"]
[Date "2019.08.17"]
[Round "8.6"]
[White "Wiecek, Pawel"]
[Black "Dziendziel, Mateusz"]
[Result "0-1"]
[WhiteElo "1916"]
[BlackElo "1801"]
[PlyCount "216"]
[SourceVersionDate "2019.08.29"]

1. d4 Nf6 2. g3 g6 3. Bg2 Bg7 4. e4 d6 5. Nc3 O-O 6. Nge2 c5 7. dxc5 dxc5 8.
Qxd8 Rxd8 9. e5 Ne8 10. Nd5 Nc6 11. f4 Be6 12. c4 Rac8 13. Be3 b6 14. O-O f6
15. exf6 exf6 16. Rad1 f5 17. Rd2 Kf7 18. Rfd1 Rd6 19. h3 Rcd8 20. Bf3 Ne7 21.
Nec3 Nxd5 22. Nxd5 Nf6 23. b3 Nxd5 24. cxd5 Bc8 25. a4 a5 26. Be2 Re8 27. Kf2
Re7 28. Bb5 Bb7 29. g4 Bc8 30. Be2 h6 31. Rc2 Bd7 32. Bf3 Re8 33. Re2 Rc8 34.
Rb1 Bc3 35. Rc2 Bg7 36. Be2 Kf8 37. Rd1 Kf7 38. Kf3 Re8 39. Bf2 Bf6 40. Bd3
fxg4+ 41. hxg4 h5 42. gxh5 gxh5 43. Rh1 Bg4+ 44. Kg2 Rg8 45. Kf1 Bf3 46. Rh2
Bxd5 47. Rd2 Kf8 48. Bh7 Rg7 49. Rxh5 Bc4+ 50. Ke1 Bc3 51. bxc4 Bxd2+ 52. Ke2
Bxf4 53. Bh4 Rh6 54. Rxh6 Bxh6 55. Bf5 Bg5 56. Bg3 Bd8 57. Kf3 Bc7 58. Bh4 Rg1
59. Ke4 Rd1 60. Bf6 Kf7 61. Bc3 Rc1 62. Kd3 Bf4 63. Bb2 Re1 64. Bc3 Re3+ 65.
Kc2 Be5 66. Bd2 Ra3 67. Bd7 Kf6 68. Be1 Bc7 69. Bc3+ Be5 70. Be1 Kg5 71. Bd2+
Kh5 72. Be1 Ra1 73. Bd2 Kh4 74. Bc6 Kg3 75. Kd3 Kf2 76. Be3+ Kf1 77. Ke4 Ke2
78. Bg5 Bc7 79. Be8 Rg1 80. Bh5+ Kf1 81. Bf6 Rh1 82. Be8 Rh6 83. Kf5 Ke2 84.
Bg5 Rh8 85. Bf7 Rf8 86. Ke6 Kd3 87. Bg6+ Kxc4 88. Kd7 Bf4 89. Be7 Rb8 90. Kc6
Kb4 91. Bc2 Re8 92. Bh4 Re6+ 93. Kb7 c4 94. Bf5 Re5 95. Bc2 Be3 96. Be1+ c3 97.
Ka6 Bd4 98. Bg3 Re2 99. Bd1 c2 100. Bxe2 c1=Q 101. Bb5 Qc8+ 102. Ka7 Kc5 103.
Bb8 Kd5 104. Bg3 Bc5 105. Bh2 Qh8 106. Bb8 Qg8 107. Ka8 Bd6 108. Bc6+ Kxc6 0-1

[Event "Open Jastrzebie 2019"]
[Site "?"]
[Date "2019.08.17"]
[Round "8.7"]
[White "Shystarova, Svitlana"]
[Black "Distel, Pawel"]
[Result "1/2-1/2"]
[WhiteElo "1865"]
[BlackElo "1705"]
[PlyCount "41"]
[SourceVersionDate "2019.08.29"]

1. e4 d6 2. d4 Nf6 3. Nc3 g6 4. Bg5 Bg7 5. Qd2 h6 6. Bh4 a6 7. O-O-O b5 8. a3
Bb7 9. f3 Nbd7 10. Nh3 c5 11. dxc5 Nxc5 12. Bf2 Rc8 13. Nf4 Nfd7 14. Nfd5 Bxd5
15. exd5 O-O 16. Bd4 Qc7 17. Bxg7 Kxg7 18. Kb1 Nb6 19. g4 Ncd7 20. f4 Nc4 21.
Qd4+ 1/2-1/2

[Event "Open Jastrzebie 2019"]
[Site "?"]
[Date "2019.08.17"]
[Round "8.8"]
[White "Kozsik, Bende Barnabas"]
[Black "Zak, Rafal"]
[Result "1/2-1/2"]
[WhiteElo "2044"]
[BlackElo "1610"]
[PlyCount "76"]
[SourceVersionDate "2019.08.29"]

1. e4 c6 2. d4 d5 3. exd5 cxd5 4. c4 Nf6 5. Nc3 Nc6 6. Nf3 e6 7. c5 Be7 8. Bb5
O-O 9. Bxc6 bxc6 10. Ne5 Bb7 11. O-O Nd7 12. Nf3 e5 13. Be3 exd4 14. Bxd4 Bxc5
15. Bxc5 Nxc5 16. b4 Ne6 17. Nd4 Nxd4 18. Qxd4 Qb6 19. Rfd1 Qxd4 20. Rxd4 a5
21. a4 Rfe8 22. f3 Re3 23. Rc1 f5 24. Kf2 Re6 25. b5 c5 26. Rd2 Rd6 27. Ne2 Rc8
28. Rdc2 c4 29. Nd4 g6 30. Rc3 Kf7 31. Re1 Re8 32. Rxe8 Kxe8 33. Re3+ Kd7 34.
Ke2 Rf6 35. f4 Rf7 36. Kd2 Re7 37. Rxe7+ Kxe7 38. Kc3 Kd6 1/2-1/2

[Event "Open Jastrzebie 2019"]
[Site "?"]
[Date "2019.08.17"]
[Round "8.9"]
[White "Norov, Artem"]
[Black "Kopaczewski, Zbigniew"]
[Result "0-1"]
[WhiteElo "1894"]
[BlackElo "1464"]
[PlyCount "88"]
[SourceVersionDate "2019.08.29"]

1. d4 e6 2. c4 c6 3. Nc3 d5 4. Nf3 Nf6 5. Bg5 Bb4 6. e3 Nbd7 7. a3 Bxc3+ 8.
bxc3 O-O 9. Qc2 Qa5 10. Nd2 Re8 11. f4 Ng4 12. Qd3 f6 13. Be2 Nxe3 14. Qxe3
fxg5 15. fxg5 Nf8 16. O-O e5 17. cxd5 cxd5 18. Bh5 g6 19. Bd1 Bf5 20. Bb3 Rad8
21. dxe5 Ne6 22. Nf3 Nc5 23. Ba2 Bd3 24. Rfd1 Be4 25. Re1 Ne6 26. Nd4 Nc5 27.
Qg3 Qc7 28. Nf3 Kg7 29. Rad1 Nd3 30. Rxd3 Bxd3 31. Qh4 Qxc3 32. Qh6+ Kg8 33.
Bb1 Qc5+ 34. Kh1 Bxb1 35. Rxb1 b6 36. h3 Rc8 37. Re1 Qxa3 38. Qh4 Rc1 39. Rxc1
Qxc1+ 40. Kh2 Rf8 41. Qf2 Qf4+ 42. Kh1 Rc8 43. Qa2 Rc1+ 44. Ng1 Qd4 0-1

[Event "Open Jastrzebie 2019"]
[Site "?"]
[Date "2019.08.17"]
[Round "8.10"]
[White "Kozubek, Krystian"]
[Black "Marcinowski, Marek"]
[Result "0-1"]
[WhiteElo "1495"]
[BlackElo "1881"]
[PlyCount "76"]
[SourceVersionDate "2019.08.30"]

1. c4 c6 2. Nc3 Nf6 3. d4 d5 4. e3 Bf5 5. cxd5 cxd5 6. Bd3 Bxd3 7. Qxd3 Nc6 8.
Nf3 e6 9. O-O a6 10. a3 Bd6 11. Bd2 b5 12. b4 g5 13. Rfc1 Rc8 14. Rc2 g4 15.
Ne1 h5 16. Nxb5 axb5 17. Qxb5 O-O 18. Rxc6 Rxc6 19. Qxc6 Ne4 20. Qc2 Qh4 21. g3
Qh3 22. Ng2 Ng5 23. f4 gxf3 24. Bc3 fxg2 25. Qxg2 Qxg2+ 26. Kxg2 Rb8 27. Rb1
Ra8 28. Rb3 Kf8 29. Be1 Ke7 30. h3 Ne4 31. Kf3 Bxg3 32. Bc3 Bd6 33. Ke2 Rg8 34.
b5 Nxc3+ 35. Rxc3 Ra8 36. b6 Rxa3 37. Rc7+ Bxc7 38. bxc7 Kd7 0-1

[Event "Open Jastrzebie 2019"]
[Site "?"]
[Date "2019.08.17"]
[Round "8.11"]
[White "Adamczyk, Piotr"]
[Black "Sulkowski, Dawid"]
[Result "1-0"]
[WhiteElo "1838"]
[BlackElo "1604"]
[PlyCount "55"]
[SourceVersionDate "2019.08.30"]

1. d4 d5 2. c4 e6 3. e3 Nf6 4. Nc3 Be7 5. Nf3 Nbd7 6. a3 O-O 7. Bd3 dxc4 8.
Bxc4 c5 9. O-O b6 10. d5 exd5 11. Nxd5 Nxd5 12. Bxd5 Ba6 13. Bxa8 Bxf1 14. Kxf1
Qxa8 15. Qxd7 Bf6 16. Qb5 Rd8 17. Bd2 Qe4 18. Rc1 g5 19. h3 h5 20. Bc3 Bxc3 21.
bxc3 g4 22. Ng1 Rd2 23. Qb1 Qd5 24. hxg4 hxg4 25. Ke1 g3 26. Nh3 Rd3 27. Nf4
gxf2+ 28. Kf1 1-0

[Event "Open Jastrzebie 2019"]
[Site "?"]
[Date "2019.08.17"]
[Round "8.12"]
[White "Aleshko, Igor L"]
[Black "Hoferek, Svatopluk"]
[Result "1-0"]
[WhiteElo "1270"]
[BlackElo "1786"]
[PlyCount "113"]
[SourceVersionDate "2019.08.30"]

1. d4 Nf6 2. c4 g6 3. g3 d6 4. Bg2 Bg7 5. Nc3 c6 6. h3 O-O 7. Nf3 Qc7 8. e4 e5
9. d5 a6 10. a4 a5 11. Be3 Nh5 12. Nh4 Qd8 13. O-O Nf6 14. Qd2 Kh8 15. Rad1 c5
16. Bg5 Qd7 17. Nb5 Ng8 18. Be3 b6 19. b3 Na6 20. f4 Nc7 21. Nxc7 Qxc7 22. f5
Qe7 23. Rf2 Bf6 24. fxg6 fxg6 25. Rdf1 Bd7 26. Kh2 Bxh4 27. gxh4 Rxf2 28. Qxf2
Kg7 29. Bg5 Rf8 30. Qxf8+ Qxf8 31. Rxf8 Kxf8 32. Bd8 Ke8 33. Bxb6 Nf6 34. Bxa5
Nh5 35. Bd2 Bc8 36. Kg1 Nf4 37. Bxf4 exf4 38. Kf2 h6 39. Kf3 g5 40. hxg5 hxg5
41. h4 gxh4 42. Kxf4 Ke7 43. a5 Kf6 44. Bf3 Bb7 45. Be2 h3 46. Kg3 Bc8 47. Bh5
Ke5 48. Be8 Kxe4 49. Bb5 Kd4 50. a6 Bxa6 51. Bxa6 Kc3 52. Kxh3 Kxb3 53. Kg4 Kb4
54. Kf5 Ka5 55. Bb5 Kb6 56. Ke6 Kc7 57. Ke7 1-0

[Event "Open Jastrzebie 2019"]
[Site "?"]
[Date "2019.08.17"]
[Round "8.13"]
[White "Lubszczyk, Piotr"]
[Black "Piechota, Kamil"]
[Result "1/2-1/2"]
[WhiteElo "1067"]
[BlackElo "1663"]
[PlyCount "65"]
[SourceVersionDate "2019.08.30"]

1. e4 e5 2. d4 exd4 3. Qxd4 Nc6 4. Qe3 g6 5. Bd2 Bg7 6. Nc3 d6 7. O-O-O Be6 8.
f4 Nge7 9. Nf3 Qd7 10. h3 O-O-O 11. g4 f6 12. f5 Bf7 13. Bd3 Rde8 14. Qf2 Kb8
15. Nd4 Nxd4 16. Qxd4 Nc6 17. Qf2 Ne5 18. Be3 Nxd3+ 19. cxd3 a6 20. Kb1 g5 21.
Rc1 d5 22. Rhd1 h5 23. exd5 Bxd5 24. Nxd5 Qxd5 25. Ba7+ Kc8 26. Bb6 Re7 27. Qg3
c6 28. Re1 Rd7 29. d4 hxg4 30. hxg4 Qd6 31. Qxd6 Rxd6 32. Re7 Rd7 33. Re4
1/2-1/2

[Event "Open Jastrzebie 2019"]
[Site "?"]
[Date "2019.08.17"]
[Round "8.14"]
[White "Kovalenko, Yuriy"]
[Black "Wos, Kacper"]
[Result "1-0"]
[WhiteElo "1658"]
[BlackElo "1313"]
[PlyCount "57"]
[SourceVersionDate "2019.08.30"]

1. c4 c5 2. g3 g6 3. Bg2 Bg7 4. Nf3 Nc6 5. O-O d6 6. Nc3 e5 7. d3 Nge7 8. Bg5
f6 9. Be3 O-O 10. Nd2 Be6 11. Nde4 h6 12. Nb5 Nc8 13. f4 a6 14. Nbc3 Nd4 15.
fxe5 dxe5 16. Nxc5 Qe7 17. Bxd4 exd4 18. Nxe6 dxc3 19. Nxf8 cxb2 20. Rb1 Kxf8
21. Rxb2 Qe3+ 22. Kh1 Nd6 23. Qd2 Qc5 24. Qb4 Qe5 25. c5 f5 26. Rc2 Ne8 27. c6+
Nd6 28. cxb7 Rb8 29. Rc8+ 1-0

[Event "Open Jastrzebie 2019"]
[Site "?"]
[Date "2019.08.17"]
[Round "8.15"]
[White "Lysakowski, Piotr"]
[Black "Borkowski, Maciej"]
[Result "1/2-1/2"]
[WhiteElo "1415"]
[BlackElo "1559"]
[PlyCount "68"]
[SourceDate "2019.09.01"]

1. d4 Nf6 2. c4 e6 3. Nc3 d5 4. Bg5 Be7 5. e3 O-O 6. Nf3 Nc6 7. Rc1 dxc4 8.
Bxc4 Nd5 9. Bxe7 Ncxe7 10. e4 Nf4 11. O-O b6 12. Qd2 Nfg6 13. Rc2 Bb7 14. Rfc1
Rc8 15. b4 a6 16. a3 h6 17. Qe3 Kh8 18. Bb3 Ng8 19. b5 a5 20. d5 exd5 21. Bxd5
c6 22. bxc6 Bxc6 23. Na4 Bd7 24. Rxc8 Bxc8 25. Nxb6 N6e7 26. Nxc8 Nxc8 27. Ne5
Nd6 28. Nc6 Qh4 29. Qc5 Qg5 30. Rf1 Qg6 31. e5 Ne4 32. Qxf8 Ng5 33. Ne7 Nh3+
34. Kh1 Nxf2+ 1/2-1/2

[Event "Open Jastrzebie 2019"]
[Site "?"]
[Date "2019.08.17"]
[Round "8.16"]
[White "Gradalski, Olaf"]
[Black "Szymanska, Joanna"]
[Result "1-0"]
[WhiteElo "1531"]
[BlackElo "1253"]
[PlyCount "75"]

1. Nf3 d5 2. g3 Nc6 3. Bg2 Nf6 4. O-O e5 5. d3 Bd6 6. Nc3 d4 7. Nb5 a6 8. Nxd6+
Qxd6 9. Nd2 O-O 10. Nc4 Qe7 11. e4 b5 12. Nd2 Ne8 13. a4 Rb8 14. f4 Nd6 15. Nf3
Bg4 16. h3 Bxf3 17. Qxf3 f6 18. b3 Nb4 19. Rf2 c5 20. Bf1 Nc6 21. Bd2 b4 22. f5
Nf7 23. Be2 Ncd8 24. Kh1 Nh8 25. Rg1 g6 26. Bh6 Re8 27. fxg6 Nxg6 28. Qxf6 Qxf6
29. Rxf6 Nf7 30. Bd2 a5 31. Rgf1 Rf8 32. Bh5 Kg7 33. Bxg6 hxg6 34. Ra6 Rh8 35.
Kg2 Ra8 36. Rff6 Rac8 37. Rxg6+ Kh7 38. Rgc6 1-0

[Event "Open Jastrzebie 2019"]
[Site "?"]
[Date "2019.08.17"]
[Round "8.17"]
[White "Szymon, Jakub"]
[Black "Kotowicz, Kamil"]
[Result "0-1"]
[WhiteElo "1572"]
[BlackElo "1498"]
[PlyCount "58"]
[EventDate "2019.??.??"]

1. e4 c6 2. d4 d5 3. Nd2 dxe4 4. Nxe4 Bf5 5. Ng3 Bg6 6. h4 h6 7. h5 Bh7 8. Bd3
Bxd3 9. Qxd3 Qc7 10. Nf3 Nd7 11. Bd2 e6 12. O-O-O Ngf6 13. Ne4 Nxe4 14. Qxe4
Nf6 15. Qe2 Bd6 16. g3 O-O-O 17. Rh4 Rhg8 18. Ne5 Bxe5 19. dxe5 Nd5 20. Ra4 Kb8
21. c4 Ne7 22. Qe3 b6 23. Qb3 Rd7 24. Be3 Rxd1+ 25. Kxd1 Nf5 26. Bc5 Rd8+ 27.
Kc1 Qxe5 28. Qb4 Qe2 29. Bd6+ Rxd6 0-1

[Event "Open Jastrzebie 2019"]
[Site "?"]
[Date "2019.08.17"]
[Round "8.19"]
[White "Lysakowski, Kamil"]
[Black "Tomanec, Samuel"]
[Result "0-1"]
[WhiteElo "1494"]
[BlackElo "1207"]
[PlyCount "130"]

1. e4 e5 2. Nf3 Nc6 3. d4 exd4 4. c3 dxc3 5. Nxc3 d6 6. Bc4 Nf6 7. O-O Bg4 8.
Qb3 d5 9. exd5 Na5 10. Qb5+ c6 11. dxc6 bxc6 12. Qe5+ Be7 13. Rd1 Bd7 14. Bd3
O-O 15. Bg5 Re8 16. Qg3 Nb7 17. Qh4 h6 18. Bxh6 gxh6 19. Qxh6 Bf8 20. Qg5+ Bg7
21. h4 Nh7 22. Bxh7+ Kxh7 23. h5 Bh6 24. Qxd8 Raxd8 25. Re1 f6 26. Rad1 Rxe1+
27. Rxe1 Re8 28. Rxe8 Bxe8 29. Nd4 c5 30. Ne6 Bxh5 31. Ne4 Bf7 32. N4xc5 Nxc5
33. Nxc5 Bxa2 34. b4 Bd2 35. b5 Bc4 36. b6 axb6 37. Nd7 b5 38. Nxf6+ Kg6 39.
Ne4 Bg5 40. Nd6 Kf6 41. f3 Be3+ 42. Kh1 Ke5 43. Nxb5 Bxb5 44. g3 Bc6 45. Kg2
Kf5 46. g4+ Kf4 47. Kh3 Bxf3 48. Kh4 Bf2+ 49. Kh5 Bxg4+ 50. Kg6 Bd4 51. Kf7 Be5
52. Ke7 Bf5 53. Kd8 Kg5 54. Ke7 Kg6 55. Kd8 Kf6 56. Ke8 Bc7 57. Kf8 Bg6 58. Kg8
Bd6 59. Kh8 Be5 60. Kg8 Kf5 61. Kf8 Bf6 62. Kg8 Kg5 63. Kf8 Kh6 64. Kg8 Be7 65.
Kh8 Bf5 0-1

[Event "Open Jastrzebie 2019"]
[Site "?"]
[Date "2019.08.17"]
[Round "8.20"]
[White "Brak, Marian"]
[Black "Sacharczuk, Karolina"]
[Result "1-0"]
[WhiteElo "1489"]
[BlackElo "1250"]
[PlyCount "49"]

1. e4 c5 2. f4 d5 3. e5 Bf5 4. Bb5+ Nd7 5. g4 Be4 6. Nf3 a6 7. Bxd7+ Qxd7 8. d3
Bxf3 9. Qxf3 e6 10. O-O g6 11. Nc3 d4 12. Ne4 f5 13. exf6 O-O-O 14. Bd2 Qc7 15.
c3 h6 16. Rac1 g5 17. cxd4 Rxd4 18. f5 exf5 19. Qxf5+ Kb8 20. Nxc5 Ka8 21. Nxa6
Qd6 22. Be3 bxa6 23. Qc8+ Ka7 24. Rc7+ Kb6 25. Rfc1 1-0

[Event "Open Jastrzebie 2019"]
[Site "?"]
[Date "2019.08.17"]
[Round "8.21"]
[White "Bala, Bartosz"]
[Black "Aleshko, Margarita"]
[Result "0-1"]
[WhiteElo "1093"]
[BlackElo "1319"]
[PlyCount "118"]

1. e4 e6 2. d4 d5 3. Nd2 Nf6 4. e5 Nfd7 5. Ngf3 c5 6. c3 Nc6 7. Be2 cxd4 8.
cxd4 f6 9. exf6 Qxf6 10. Nb3 h6 11. Be3 Bd6 12. a3 O-O 13. O-O Rd8 14. Re1 Nf8
15. Qd2 Bd7 16. Rad1 Be8 17. g3 Bh5 18. Nh4 Bxe2 19. Qxe2 Rac8 20. Rf1 Rd7 21.
f4 Ng6 22. Nf3 Rdc7 23. Rc1 Nge7 24. Ne5 Nf5 25. Qd3 Qe7 26. Ng6 Qf6 27. Ne5 a6
28. Ng4 Qf8 29. Ne5 b5 30. Ng6 Qe8 31. Ne5 Be7 32. Bf2 Nd6 33. Nc5 Nxe5 34.
fxe5 Ne4 35. b4 a5 36. Be3 axb4 37. axb4 Bg5 38. Bxg5 Nxg5 39. Rb1 Ra7 40. Ra1
Rca8 41. Rxa7 Rxa7 42. h4 Nf7 43. Qg6 Re7 44. Rf6 Nd8 45. Qg4 Kh7 46. Rf2 Nc6
47. Rb2 Qa8 48. Nxe6 Rxe6 49. Qxe6 Qa1+ 50. Kh2 Qxb2+ 51. Kh3 Qc2 52. Qxd5 Nxb4
53. Qxb5 Qf5+ 54. Kg2 Qe4+ 55. Kh3 Qxd4 56. e6 Qe4 57. Qe8 Nd5 58. h5 Qh1+ 59.
Kg4 Nf6+ 0-1

[Event "Open Jastrzebie 2019"]
[Site "?"]
[Date "2019.08.17"]
[Round "8.22"]
[White "Gollner, Martin"]
[Black "Ziebura, Paulina"]
[Result "0-1"]
[WhiteElo "1282"]
[BlackElo "1623"]
[PlyCount "24"]

1. e4 e5 2. Nf3 Nc6 3. Bc4 Bc5 4. c3 Nf6 5. d4 exd4 6. cxd4 Bb4+ 7. Bd2 Bxd2+
8. Nbxd2 d5 9. exd5 Nxd5 10. Qb3 Qe7+ 11. Be2 Nf4 12. Qe3 Nxg2+ 0-1

[Event "Open Jastrzebie 2019"]
[Site "?"]
[Date "2019.08.17"]
[Round "8.24"]
[White "Szymanski, Wojciech"]
[Black "Rocek, Lukas"]
[Result "1-0"]
[WhiteElo "1500"]
[BlackElo "1030"]
[PlyCount "67"]

1. d4 d5 2. Nf3 Nc6 3. c4 e6 4. Nc3 Nf6 5. Bg5 Bb4 6. e3 h6 7. Bh4 O-O 8. Qc2
Re8 9. cxd5 exd5 10. h3 a6 11. Bd3 Qd6 12. Bg3 Qe7 13. O-O Be6 14. Ne5 Bd7 15.
a3 Bxc3 16. bxc3 Kh8 17. c4 dxc4 18. Bxc4 Be6 19. Nxc6 bxc6 20. Bxe6 Qxe6 21.
Bxc7 Nd5 22. Bg3 Rac8 23. Qc5 Red8 24. Rfc1 Ne7 25. Qa5 Ra8 26. Rc5 Rdc8 27.
Rac1 Kg8 28. Qb6 Rcb8 29. Bxb8 Qc8 30. Bd6 Nd5 31. Qxc6 Qxc6 32. Rxc6 Kh7 33.
R1c5 Nf6 34. Ra5 1-0